| 000 | 00608nam a2200241Ia 4500 | ||
|---|---|---|---|
| 005 | 20250425162148.0 | ||
| 008 | 250425s9999 xx 000 0 und d | ||
| 020 | _a9701023625 | ||
| 041 | _aspa | ||
| 043 | _amx | ||
| 082 | _a658.4092 | ||
| 100 | _aALGUILAR SILICEO, ALFONSO | ||
| 245 | 0 | _aLIDERAZGO, VALORES Y CULTURA ORGANIZACIONAL: HACIA UNA ORGANIZACION COMPETITIVA | |
| 250 | _aS.E. | ||
| 260 |
_aMéxico _bMC GRAW HILL _c1999 |
||
| 260 | _aS.L. | ||
| 300 | _a220 | ||
| 650 | _aCULTURA ORGANIZACIONAL | ||
| 650 | _aLIDERAZGO | ||
| 710 | _aMCGRAW-HILL | ||
| 942 | _c01 | ||
| 010 | _a53926 | ||
| 999 |
_c223583 _d223583 |
||